Normal view
MARC view
- السياسة الدولية -- امريكا -- الولايات المتحدة الامريكية --
Entry Topical Term
001 - CONTROL NUMBER
- control field: 48507
003 - CONTROL NUMBER IDENTIFIER
- control field: JO-AjAnu
005 - DATE AND TIME OF LATEST TRANSACTION
- control field: 20230606082011.0
008 - FIXED-LENGTH DATA ELEMENTS
- fixed length control field: 230606|| aca||aabn | a|a d
040 ## - CATALOGING SOURCE
- Original cataloging agency: JO-AjAnu
- Transcribing agency: JO-AjAnu
150 ## - HEADING--TOPICAL TERM
- Topical term or geographic name entry element: السياسة الدولية -- امريكا -- الولايات المتحدة الامريكية --
670 ## - SOURCE DATA FOUND
- Source citation: Work cat.: (JO-AjAnu)24815: تشومسكي ، ناعوم ؛ ترجمة ، موسى برهوم , author 48506, ما الذي يريده العم سام حقا